000 00433nam a22001577a 4500
003 SGT
020 _a9780074602164
082 _a621.30284
_bKOH
100 _aKOHLI,P.L.
245 _aAUTOMOTIVE ELECTRICAL EQUIPMENT
_bTECHNICAL EDUCATION SERIES
260 _aNEW DELHI
_bTMH
_c2014
300 _a253
650 _aAUTOMOBILE ENGINEERING
653 _aBATTERY,GENERATOR,REGULATOR,CRANKING MOTOR,IGNITION SYSTEMS
942 _2ddc
_cBK
_02
999 _c8199
_d8199